00481nam a2200193 a 4500001001300000003000900013005001700022008004100039020000900080082001800089100001600107245003400123260002700157300000900184500003500193505001000228650003300238700001600271nice12345678IN_TiNIC20260116012132.0050524s1977 dela grp 000 0 eng  ac3500a915.4052bJUN aJung, Anees aWhen a Place Becomes a Person aDelhibVikas Pubc1977 a137p aincludes index and biblioraphy2 aIndex aIndia-Travel and Description1 aJung, Anees